|
|
|
|
| LEADER |
00000nab a2200000 a 4500 |
| 001 |
vtls008876605 |
| 003 |
SK-MaSNL |
| 005 |
20260304142235.0 |
| 008 |
250505c2006 xo 0 slo |
| 015 |
|
|
|a SNBCL2005/5
|
| 035 |
|
|
|a SLK038092
|
| 035 |
|
|
|a urn:nbn:sk:snk-abyos
|
| 035 |
|
|
|a (urnnbn)urn:nbn:sk:snk:ar-a03ims
|
| 035 |
|
|
|a (uuid)da612dcf-e8ba-4896-b3b9-acfea203d9e0
|
| 040 |
|
|
|a SNKBUCL
|b slo
|c SNKBUCL
|e AACR2
|
| 041 |
0 |
|
|a eng
|
| 044 |
|
|
|a xo
|c SK
|
| 080 |
|
|
|a 378.096-057.87:61-083:004:061.3
|2 1981
|
| 100 |
1 |
|
|a Trnka, Michal,
|d 1977-
|4 aut
|9 195294
|
| 245 |
1 |
0 |
|a Health information system in prevention of diseases
|c M. Trnka
|
| 504 |
|
|
|a Bibliogr. odkazy
|
| 650 |
0 |
7 |
|a systémy informačné
|x využitie
|2 MESH
|9 1457656
|
| 650 |
0 |
7 |
|a študenti ošetrovateľstva
|2 MESH
|9 1453411
|
| 650 |
0 |
7 |
|a vzdelávanie
|x metódy
|2 MESH
|9 641878
|
| 650 |
0 |
7 |
|a počítače
|x využitie
|2 MESH
|9 840576
|
| 650 |
0 |
7 |
|a dotazníky
|2 MESH
|9 19591
|
| 650 |
0 |
7 |
|a abstrakty z kongresu
|2 MESH
|9 168204
|
| 773 |
0 |
|
|t Bratislavské lekárske listy/Bratislava medical journal
|g Vol. 107, no. 4 (2006), s. 175-176
|x 0006-9248
|
| 850 |
|
|
|a Slovenská národná knižnica
|
| 852 |
|
|
|a Slovenská národná knižnica
|
| 958 |
|
|
|a article27
|
| 958 |
|
|
|a OND
|
| 958 |
|
|
|a EUIPO
|
| 999 |
|
|
|c 2920749
|d 2922679
|